Dinosaur firefighters / (Record no. 4081)

MARC details
000 -LEADER
fixed length control field 01125nam a22002657a 4500
001 - CONTROL NUMBER
control field 4081
003 - CONTROL NUMBER IDENTIFIER
control field FISKH
005 - DATE AND TIME OF LATEST TRANSACTION
control field 20240606074028.0
008 - FIXED-LENGTH DATA ELEMENTS--GENERAL INFORMATION
fixed length control field 240606b cb ||||| |||| 00| 0 eng d
020 ## - INTERNATIONAL STANDARD BOOK NUMBER
International Standard Book Number 9781407187839
040 ## - CATALOGING SOURCE
Original cataloging agency FISKH
Language of cataloging eng
Transcribing agency FISKH
Modifying agency FISKH
050 ## - LIBRARY OF CONGRESS CALL NUMBER
Classification number PZ7
082 ## - DEWEY DECIMAL CLASSIFICATION NUMBER
Classification number 823.92
100 ## - MAIN ENTRY--PERSONAL NAME
Personal name McIntyre, Sarah
245 ## - TITLE STATEMENT
Title Dinosaur firefighters /
Statement of responsibility, etc. Sarah McIntyre
260 ## - PUBLICATION, DISTRIBUTION, ETC.
Place of publication, distribution, etc. London : Scholastic,
Name of publisher, distributor, etc. Children's Book,
Date of publication, distribution, etc. 2018
300 ## - PHYSICAL DESCRIPTION
Extent 32 unnumbered pages :
Other physical details color illustrations ;
Dimensions 28 cm
505 ## - FORMATTED CONTENTS NOTE
Formatted contents note M<br/>
520 ## - SUMMARY, ETC.
Summary, etc. The day Dipsy became a dinosaur firefighter was the day her dreams came true but who knew being a firefighter would be so TRICKY? First, the uniform didnt fit Dipsy's neck was too long. Then, she couldnt slide down the fire pole her body was too big. Even saving a kitten from a tree proved to be DISASTROUS! Was Dipsy really cut out to be a firefighter? Chaos at the fire station meant she was about to find out . . . <br/>
521 8# - TARGET AUDIENCE NOTE
Target audience note 550<br/>
Source Lexile <br/>
521 8# - TARGET AUDIENCE NOTE
Target audience note M<br/>
Source Raz-Plus<br/>
650 ## - SUBJECT ADDED ENTRY--TOPICAL TERM
Topical term or geographic name entry element Dinosaur
General subdivision Fire Fighters
942 ## - ADDED ENTRY ELEMENTS (KOHA)
Source of classification or shelving scheme Dewey Decimal Classification
Koha item type Books
Suppress in OPAC No
Holdings
Withdrawn status Lost status Source of classification or shelving scheme Damaged status Not for loan Collection Home library Current library Shelving location Date acquired Total Checkouts Full call number Barcode Date last seen Date last checked out Price effective from Koha item type
    Dewey Decimal Classification     Juvenile Fiction Footprints International School Library Network Toul Kork Campus Footprints International School Library Network Toul Kork Campus TK Primary Library Room(4th Floor), Bookcase 3&4, Shelves 17-32, Yellow Books 06/06/2024 1 MCI 823.92 PZ7 FISBT00096 10/31/2024 09/05/2024 06/06/2024 Books